000 00846nam a2200265Ia 4500
001 21908
005 20260320113324.0
008 260320s9999||||xx |||||||||||||| ||und||
020 _a9789706868121
041 _aESP
082 _a150.724
_bM26
100 _aMartin, David W.,
_eAUT
245 0 _aPsicología experimental :
_bcómo hacer experimentos en psicología
246 _a
_5
_b
260 _aMéxico :
_bCengage Learning,
_c2008
300 _axi, 364 páginas :
_bilustraciones, tablas ;
_c24 cm.
_e
440 _a
_n
_v
500 _aNo tiene portada / Datos extraídos de Worldcat
650 _aPSI
653 _aInvestigación experimental
654 _aCPS
700 _a
_c
856 _uhttps://ebooks7-24-com.ucsp.lookproxy.com/stage.aspx?il=&pg=&ed=
_zVéase además: Base de datos Ebook7-26
942 _cLIB
_dJUS
_fMIP
_2ddc
_n
999 _c21908
_d21908